Kentucky's Record against each team - Statistics

General Stats
  • This quiz has been taken 6 times
  • The average score is 25 of 122
Answer Stats
Total # of Games Kentucky's Record Answer Opponent Conference Most Points Scored By a UK Player % Correct
22 14-8 Tennessee SEC 29- Shai Gilgeous-Alexander
83%
19 16-3 Alabama SEC 28- De'Aaron Fox
67%
14 10-4 Arkansas SEC 29- Tyler Herro
67%
15 11-4 Auburn SEC 35- Terrence Jones
67%
3 1-2 Duke ACC 23- Keldon Johnson
67%
24 16-8 Florida SEC 35- Jamal Murray
67%
21 19-2 Georgia SEC 37- Malik Monk
67%
7 4-3 Kansas Big 12 26- Tyler Ulis
67%
15 12-3 LSU SEC 27- Terrence Jones
67%
9 8-1 Missouri SEC 23- Immanuel Quickley
67%
9 6-3 North Carolina ACC 47- Malik Monk
67%
13 12-1 Ole Miss SEC 34- Malik Monk
67%
15 11-4 South Carolina SEC 27- Malik Monk
67%
1 1-0 Texas Big-12 21- Willie Cauley-Stein
67%
11 8-3 Texas A&M SEC 30- Tyler Ulis
67%
1 1-0 Texas Tech Big-12 25- Nick Richards
67%
1 1-0 Georgia Tech ACC 21- Ashton Hagans
50%
5 3-2 Indiana Big Ten 27- Tyler Ulis
50%
2 1-1 Kansas State Big 12 19- Julius Randle
50%
13 11-2 Louisville ACC 27- Tyrese Maxey
50%
1 1-0 Michigan Big Ten 16- Julius Randle
50%
3 2-1 Michigan State Big Ten 26- Tyrese Maxey
50%
14 14-0 Mississippi State SEC 27- Nick Richards
50%
1 1-0 Oklahoma Big 12 29- Terrence Jones
50%
5 2-3 UCLA Pac-12 39- De'Aaron Fox
50%
4 1-3 UConn Big East 25- John Wall
50%
22 18-4 Vanderbilt SEC 33- Jamal Murray
50%
1 1-0 Virginia Tech ACC 21- Kevin Knox
50%
4 3-1 West Virginia Big 12 34- Kevin Knox
50%
2 2-0 Arizona State Pac-12 23- Malik Monk
33%
1 1-0 Boise State Mountain West 21- James Young
33%
1 1-0 Houston American 19- Tyler Herro
33%
1 1-0 Iowa State Big 12 24- Marquis Teague
33%
1 1-0 Maryland Big Ten 19- Kyle Wiltjer
33%
3 1-2 Ohio State Big Ten 33- Jamal Murray
33%
1 1-0 Penn Ivy League 22- Brandon Knight
33%
1 1-0 Penn State Big Ten 26- Doron Lamb
33%
1 1-0 Princeton Ivy League 17- Darius Miller
33%
2 1-1 Utah Pac-12 24- Keldon Johnson
33%
1 1-0 Washington Pac-12 24- Brandon Knight
33%
1 1-0 Western Kentucky Conference USA 22- Terrence Jones
33%
1 1-0 Abilene Christian Southland 25- Keldon Johnson
17%
1 1-0 Albany American East 19- Jamal Murray
17%
3 1-2 Baylor Big 12 19- Michael Kidd-Gilchrist
17%
2 2-0 Buffalo MAC 27- Shai Gilgeous-Alexander
17%
3 3-0 Cleveland State Horizon 23- Malik Monk
17%
1 1-0 Davidson Atlantic-10 25- Kevin Knox
17%
3 3-0 Eastern Kentucky Ohio Valley 21- Nick Richards
17%
1 0-1 Evansville Missouri Valley 16- Immanuel Quickley
17%
1 1-0 Marshall Conference USA 23- Ryan Harrow
17%
1 1-0 Miami (OH) MAC 19- John Wall
17%
1 1-0 North Dakota Summit 25- PJ Washington
17%
3 2-1 Notre Dame ACC 27- Terrence Jones
17%
2 2-0 Providence Big East 18- James Young
17%
1 1-0 Saint John's Big East 26- Terrence Jones
17%
1 0-1 Seton Hall Big East 29- PJ Washington
17%
1 1-0 Stanford Pac-12 23- John Wall
17%
1 1-0 Vermont American East 17- PJ Washington
17%
1 1-0 Wake Forest ACC 20- Darius Miller
17%
2 2-0 Wichita State American 20- Aaron Harrison
17%
2 1-1 Wisconsin Big Ten 17- James Young
17%
1 1-0 Austin Peay Ohio Valley 21- Patrick Patterson
0%
1 1-0 Belmont Ohio Valley 29- Julius Randle
0%
3 3-0 Boston U Patriot 23- Brandon Knight
0%
1 1-0 Cansius MAAC 21- Isaiah Briscoe
0%
1 1-0 Chattanooga Southern Conference 24- Doron Lamb
0%
1 1-0 Cincinnati American 13- Aaron Harrison
0%
1 1-0 Columbia Ivy League 14- Aaron Harrison
0%
1 1-0 Coppin State MEAC 18- Terrence Jones
0%
1 1-0 Cornell Ivy League 16- DeMarcus Cousins
0%
1 1-0 Drexel Colonial 18- DeMarcus Cousins
0%
1 1-0 Duquesne Atlantic-10 16- De'Aaron Fox
0%
3 3-0 Eastern Michigan MAC 22- Aaron Harrison
0%
3 3-0 East Tennessee State Southern Conference 25- Terrence Jones
0%
1 1-0 Fairleigh Dickinson Northeast 25- EJ Montgomery
0%
1 1-0 Fort Wayne Summit 25- Nick Richards
0%
1 1-0 Grand Canyon WAC 16- Aaron Harrison
0%
1 1-0 Hampton Big South 21- Karl Anthony-Towns
0%
1 1-0 Hartford American East 19- DeMarcus Cousins
0%
1 1-0 Harvard Ivy League 20- Kevin Knox
0%
1 1-0 Hofstra Colonial 20- Malik Monk
0%
1 1-0 Illinois State Missouri Valley 18- Isaiah Briscoe
0%
1 1-0 Lafayette Patriot 23- Kyle Wiltjer
0%
2 2-0 Lamar Southland 21- Tyrese Maxey
0%
1 1-0 Lipscomb Atlantic Sun 23- Kyle Wiltjer
0%
1 1-0 Little Rock Sun Belt 22- Anthony Davis
0%
1 1-0 LIU-Brooklyn Northeast 22- Archie Goodwin
0%
1 1-0 Long Beach State Big West 19- John Wall
0%
1 1-0 Loyola Maryland Patriot 24- Kyle Wiltjer
0%
1 1-0 Marist MAAC 23- Anthony Davis
0%
1 1-0 Mississippi Valley State SWAC 19- Terrence Jones
0%
2 2-0 Monmouth MAAC 23- Hamidou Diallo
0%
1 1-0 Montana State Big Sky 18- Devin Booker
0%
2 2-0 Morehead State Ohio Valley 28- Archie Goodwin
0%
1 1-0 Mount Saint Mary's NEC 19- Nick Richards
0%
1 1-0 NJIT Atlantic Sun 26- Skal Labissiere
0%
2 2-0 Northern Kentucky Horizon 22- Julius Randle
0%
1 1-0 Old Dominion Conference USA 13- Michael Kidd-Gilchrist
0%
3 3-0 Portland WCC 21- Brandon Knight
0%
1 1-0 Radford Big South 17- Terrence Jones
0%
1 1-0 Rider MAAC 21- John Wall
0%
2 1-1 Robert Morris Northeast 28- Aaron Harrison
0%
2 2-0 Samford Southern Conference 26- Doron Lamb
0%
1 1-0 Sam Houston State Southland 27- DeMarcus Cousins
0%
1 1-0 Southern Illinois Missouri Valley 15- Keldon Johnson
0%
1 1-0 South Florida American 21- Jamal Murray
0%
1 1-0 Stephen F. Austin Southland 17- Isaiah Briscoe
0%
1 1-0 Stony Brook American East 19- Jamal Murray
0%
1 1-0 Tennessee State Ohio Valley 27- Keldon Johnson
0%
2 2-0 Texas-Arlington Sun Belt 26- James Young
0%
1 1-0 Troy Sun Belt 17- Kevin Knox
0%
1 1-0 UAB Conference USA 16- Nick Richards
0%
1 1-0 UIC Horizon 25- Kevin Knox
0%
2 2-0 UNC Asheville Big South 24- DeMarcus Cousins
0%
1 1-0 UNC Greensboro Southern Conference 22- Reid Travis
0%
2 2-0 Utah Valley WAC 26- Ashton Hagans
0%
1 1-0 UT-Martin Ohio Valley 26- Malik Monk
0%
1 1-0 Valparaiso Missouri Valley 16- Bam Adebayo
0%
1 1-0 VMI Southern Conference 22- Reid Travis
0%
2 2-0 Winthrop Big South 32- Doron Lamb
0%
1 1-0 Wofford Southern Conference 14- Reid Travis
0%
1 1-0 Wright State Horizon 21- Tyler Ulis
0%
No matching quizzes found
Score Distribution
Percent of People with Each Score
Percentile by Number Answered
Your Score History
You have not taken this quiz